Форум столетия (Элитный форум); Ч. 11

التفاصيل البيبلوغرافية
المؤلف الرئيسي: Вэй Ши
الملخص:Книга на китайском языке
اللغة:الصينية
منشور في: Шанхай, Ляонинское изд-во, 2006
الموضوعات:
التنسيق: كتاب
KOHA link:https://koha.lib.tpu.ru/cgi-bin/koha/opac-detail.pl?biblionumber=192973

MARC

LEADER 00000nam0a2200000 4500
001 192973
005 20231101224444.0
010 |a 7205059607 
035 |a (RuTPU)RU\TPU\book\210403 
090 |a 192973 
100 |a 20110311d2006 m y0rusy50 ca 
101 0 |a chi 
102 |a CN 
105 |a y z 000zy 
200 1 |a Форум столетия (Элитный форум)  |d Elite Forum  |h Ч. 11  |f Вэй Ши 
210 |a Шанхай  |c Ляонинское изд-во  |d 2006 
215 |a 387 с. 
300 |a Книга на китайском языке 
510 1 |a Elite Forum  |z eng 
606 1 |a Китай  |x Культура  |x Культурология  |2 stltpush  |3 (RuTPU)RU\TPU\subj\70287  |9 84641 
610 1 |a университеты 
610 1 |a политика 
610 1 |a женщины 
610 1 |a население 
610 1 |a история 
610 1 |a Шанхай 
610 1 |a китайская культура 
686 |a Ч11(5Кит)  |v LBC/SL-A  |2 rubbk 
700 0 |a Вэй Ши 
801 1 |a RU  |b 63413507  |c 20110311 
801 2 |a RU  |b 63413507  |c 20220602  |g RCR 
942 |c BK